=LDR 00000nam 2200000 4500 =001 INLIS000000000022780 =005 20130612121514 =008 ***********************************Ind** =035 ##$$0010-061300000022780 =041 ##$$a Ind =082 ##$$a 297.51 =090 ##$$a 297.51, Ala b =100 ##$$a Al-Adwi, Syaikh Musthafa =245 ##$$a Berintraksi dengan kedua orang tua, Syaikh musthafa Al-Adawi =260 ##$$a 2005 $b Jakarta =300 ##$$a xvi, 286, ilus, 21 cm =650 ##$$a Akhlak =850 ##$$a NBPNMAT